000 01056cam a2200325 a 4500
001 13346939
003 OSt
005 20230620131633.0
008 030218s2002 ke b 000 0 eng
010 _a 2002457446
020 _a9966915192
035 _a(DLC) 2002457446
040 _aDLC
_cDLC
_dDLC
042 _alcode
043 _af-ke---
082 0 0 _a320.96
_bWAN
245 0 0 _aYearning for democracy :
_bKenya at the dawn of a new century /
_cedited by Smokin Wanjala, S. Kichamu Akivaga, and Kivutha Kibwana.
260 _aNairobi :
_bClaripress,
_c2002.
300 _aix, 380 p. ;
_c21 cm.
504 _aIncludes bibliographical references.
650 0 _aDemocratization
_zKenya.
651 0 _aKenya
_xPolitics and government
_y1978-2002.
651 0 _aKenya
_xPolitics and government
_y2002-
700 1 _aWanjala, Smokin C.
700 1 _aAkivaga, S. Kichamu.
700 1 _aKibwana, Kivutha.
906 _a7
_bcbc
_corigode
_d3
_encip
_f20
_gy-gencatlg
942 _2ddc
_cBK
999 _c1719
_d1719